书目信息 |
| 题名: |
安全问题,我注意到了!
|
|
| 作者: | 刑立方 著 | |
| 分册: | ||
| 出版信息: | 北京 西苑出版社 2014.07 |
|
| 页数: | 210页 | |
| 开本: | 23cm | |
| 丛书名: | ||
| 单 册: | ||
| 中图分类: | X956-49 | |
| 科图分类: | ||
| 主题词: | 安全教育--少年读物 , 安全教育 | |
| 电子资源: | ||
| ISBN: | 978-7-5151-0420-1 | |
| 000 | 01048nam0 2200265 450 | |
| 001 | 0120141336698 | |
| 005 | 20160519145818.45 | |
| 010 | @a978-7-5151-0420-1@dCNY29.80 | |
| 100 | @a20140709d2014 cemy0chiy0110 ea | |
| 101 | 0 | @achi |
| 102 | @aCN@b110000 | |
| 105 | @aa z 000yy | |
| 106 | @ar | |
| 200 | 1 | @a安全问题,我注意到了!@9an quan wen ti , wo zhu yi dao le !@e学生安全实用手册@f刑立方著 |
| 210 | @a北京@c西苑出版社@d2014.07 | |
| 215 | @a210页@c图@d23cm | |
| 330 | @a本书关于少年儿童安全问题的图书。分别从生活、学校、社会活动、交通、外出、网络和心理成长、自然灾害七个大方面出发,将儿童最常遇到的危险详细介绍出来,并指导儿童掌握自救方法,学会自我保护。此外,书中还专门为儿童讲解一些安全常识和科学知识,让儿童在安全成长的同时,提高他们的科学认知。 | |
| 333 | @a少儿 | |
| 517 | 1 | @a学生安全实用手册@9xue sheng an quan shi yong shou ce |
| 606 | 0 | @a安全教育@j少年读物 |
| 606 | 0 | @a安全教育 |
| 690 | @aX956-49@v5 | |
| 701 | 0 | @a刑立方@9xing li fang@4著 |
| 801 | 0 | @aCN@b人天书店@c20140709 |
| 905 | @b877888-93@dX956-49@e25@f6 | |
| 安全问题,我注意到了!:学生安全实用手册/刑立方著.-北京:西苑出版社,2014.07 |
| 210页:图;23cm |
| 使用对象:少儿 |
| ISBN 978-7-5151-0420-1:CNY29.80 |
| 本书关于少年儿童安全问题的图书。分别从生活、学校、社会活动、交通、外出、网络和心理成长、自然灾害七个大方面出发,将儿童最常遇到的危险详细介绍出来,并指导儿童掌握自救方法,学会自我保护。此外,书中还专门为儿童讲解一些安全常识和科学知识,让儿童在安全成长的同时,提高他们的科学认知。 |
| ● |
| 相关链接 |
|
|
|
|
正题名:安全问题,我注意到了!
索取号:X956-49/25
 
预约/预借
| 序号 | 登录号 | 条形码 | 馆藏地/架位号 | 状态 | 备注 |
| 1 | 877888 | 208778884 | 第二样本阅览室/ [索取号:X956-49/25] | 在馆 | |
| 2 | 877889 | 208778893 | 教育系资料室/ [索取号:X956-49/25] | 在馆 | |
| 3 | 877890 | 208778900 | 教育系资料室/ [索取号:X956-49/25] | 在馆 | |
| 4 | 877891 | 208778919 | 教育系资料室/ [索取号:X956-49/25] | 在馆 | |
| 5 | 877892 | 208778928 | 第三借阅区/ [索取号:X956-49/25] | 在馆 | |
| 6 | 877893 | 208778937 | 第三借阅区/ [索取号:X956-49/25] | 在馆 |